000 00483nam a2200181Ia 4500
005 20250312021942.0
008 240331s9999 xx 000 0 und d
020 _a8170741475
082 _a301.09
_bCHA
_23702
100 _aChattopadhyay, A
245 0 _aBhupendranath Datta:
_bAnd his study of Indian Society
260 _aCalcutta,
_bK P Bagchi & Company
_c1994
300 _aviii, 221 p.,
650 _aIndia
650 _aSociety
650 _aHistorical Analysis
942 _cL
999 _c1064
_d1064